书目信息 |
| 题名: |
生理学实验
|
|
| 作者: | 解景田 , 谢申玲 主编 | |
| 分册: | ||
| 出版信息: | 北京 高等教育出版社 1987 |
|
| 页数: | 225页 | |
| 开本: | 26cm | |
| 丛书名: | ||
| 单 册: | ||
| 中图分类: | Q4-33 | |
| 科图分类: | ||
| 主题词: | 生理学--实验 | |
| 电子资源: | ||
| ISBN: | 7-04-000112-8 | |
| 000 | 00695nam0 2200241 45 | |
| 001 | 0188007006 | |
| 005 | 20070720091053.87 | |
| 010 | @a7-04-000112-8@dCNY3.35 | |
| 020 | @aCN@b88007006 | |
| 100 | @a19910415d1987 ekmy0chiy0120 ea | |
| 101 | 0 | @achi |
| 102 | @aCN@b110000 | |
| 105 | @aa 000yy | |
| 200 | 10 | @a生理学实验@Asheng li xue shi yan@f解景田,谢申玲主编@Fxie jing tian , xie shen ling zhu bian |
| 210 | @a北京@c高等教育出版社@d1987 | |
| 215 | @a225页@d26cm | |
| 300 | @a高等学校教材 | |
| 606 | @a生理学@x实验 | |
| 690 | @aQ4-33@v4 | |
| 701 | 0 | @a解景田@Axie jing tian@4主编 |
| 701 | 0 | @a谢申玲@Axie shen ling@4主编 |
| 801 | 0 | @aCN@bTSSF@c20070720 |
| 905 | @a10447@dQ4-33@e11 | |
| 生理学实验/解景田,谢申玲主编.-北京:高等教育出版社,1987 |
| 225页;26cm |
| 高等学校教材 |
| ISBN 7-04-000112-8:CNY3.35 |
| ● |
| 相关链接 |
|
|
|
|
正题名:生理学实验
索取号:Q4-33/11
 
预约/预借
| 序号 | 登录号 | 条形码 | 馆藏地/架位号 | 状态 | 备注 |
| 1 | 0247145 | 202104230 | 第二样本阅览室/ [索取号:Q4-33/11] | 在馆 | |
| 2 | 0770232 | 207702324 | 密集书库/ [索取号:Q4-33/11] | 在馆 |